La contabilidad: base de las decisiones administrativas

Saved in:
Bibliografiske detaljer
Hovedforfatter: García Castañeda, María Teresa (autora)
Format: Bog
Sprog:spansk
Udgivet: Santiago LexisNexis 2003
Fag:
Tags: Tilføj Tag
Ingen Tags, Vær først til at tagge denne postø!

MARC

LEADER 00000nam a2200000 a 4500
001 UCL0368
003 CL-VaPUC
005 20240307112434.0
008 030711e20030000CL |||||||||||||||||spa|d
999 |c 304242  |d 304240 
020 |a 9562384179 
040 |c Pontificia Universidad Católica de Valparaíso 
082 0 4 |a 657  |b GAR  |2 21 
100 |a García Castañeda, María Teresa  |e autora  |9 477049 
245 1 3 |a La contabilidad: base de las decisiones administrativas 
260 |a Santiago  |b LexisNexis  |c 2003 
300 |a 447 p 
583 |a last modification  |c 20130306 12:03:57  |k Rodrigo Vera 
650 0 |a Contabilidad   |9 261430 
650 0 |a Administración de empresas   |9 260833 
650 0 |a Información Contable  |9 402348 
650 0 |a Empresas  |9 314931  |x Organizaciones  |x Sociedades 
650 0 |a Inversiones empresariales  |9 887438 
942 |c BK  |2 ddc 
945 |d 20030711 00:00:00  |a cmena 
952 |0 0  |1 0  |4 0  |6 657_000000000000000_GAR_2003  |7 0  |8 R  |9 366163  |a BIBGIM  |b BIBGIM  |d 2019-11-21  |i 3919609  |o 657 GAR 2003  |p 3919609  |r 2025-01-15  |w 2019-11-21  |y BK_R  |k COM 
952 |0 0  |1 0  |4 0  |6 657_000000000000000_GAR_2003  |7 0  |8 R  |9 366164  |a BIBGIM  |b BIBGIM  |d 2019-11-21  |i 3919617  |o 657 GAR 2003  |p 3919617  |r 2025-01-15  |w 2019-11-21  |y BK_R  |k COM 
952 |0 0  |1 0  |4 0  |6 657_000000000000000_GAR_2003  |7 0  |8 R  |9 366165  |a BIBGIM  |b BIBGIM  |d 2019-11-21  |i 3919625  |o 657 GAR 2003  |p 3919625  |r 2025-01-15  |w 2019-11-21  |y BK_R  |k COM 
952 |0 0  |1 0  |4 0  |6 657_000000000000000_GAR_2003  |7 0  |8 R  |9 366166  |a BIBGIM  |b BIBGIM  |d 2019-11-21  |i 3919633  |o 657 GAR 2003  |p 3919633  |r 2025-01-15  |w 2019-11-21  |y BK_R  |k COM 
952 |0 0  |1 0  |4 0  |6 657_000000000000000_GAR_2003  |7 0  |8 R  |9 366167  |a BIBGIM  |b BIBGIM  |d 2019-11-21  |i 391965K  |o 657 GAR 2003  |p 391965K  |r 2025-01-15  |w 2019-11-21  |y BK_R  |k COM 
952 |0 0  |1 0  |4 0  |6 657_000000000000000_GAR_2003  |7 0  |8 R  |9 366168  |a BIBGIM  |b BIBGIM  |d 2019-11-21  |i 3919668  |o 657 GAR 2003  |p 3919668  |r 2025-01-15  |w 2019-11-21  |y BK_R  |k COM 
952 |0 0  |1 0  |4 0  |6 657_000000000000000_GAR_2003  |7 0  |8 R  |9 366169  |a BIBGIM  |b BIBGIM  |d 2019-11-21  |i 3919676  |o 657 GAR 2003  |p 3919676  |r 2025-01-15  |w 2019-11-21  |y BK_R  |k COM 
952 |0 0  |1 0  |4 0  |6 657_000000000000000_GAR_2003  |7 0  |8 R  |9 366170  |a BIBGIM  |b BIBGIM  |d 2019-11-21  |i 3919684  |o 657 GAR 2003  |p 3919684  |r 2025-01-15  |w 2019-11-21  |y BK_R  |k COM 
952 |0 0  |1 0  |4 0  |6 657_000000000000000_GAR_2003  |7 0  |8 R  |9 366171  |a BIBGIM  |b BIBGIM  |d 2019-11-21  |i 3919692  |o 657 GAR 2003  |p 3919692  |r 2025-01-15  |w 2019-11-21  |y BK_R  |k COM 
952 |0 0  |1 0  |4 0  |6 657_000000000000000_GAR_2003  |7 0  |8 R  |9 366172  |a BIBGIM  |b BIBGIM  |d 2019-11-21  |i 3918734  |o 657 GAR 2003  |p 3918734  |r 2025-01-15  |w 2019-11-21  |y BK_R  |k COM 
952 |0 0  |1 0  |4 0  |6 657_000000000000000_GAR_2003  |7 0  |8 R  |9 366173  |a BIBGIM  |b BIBGIM  |d 2019-11-21  |i 3918742  |o 657 GAR 2003  |p 3918742  |r 2025-01-15  |w 2019-11-21  |y BK_R  |k COM 
952 |0 0  |1 0  |4 0  |6 657_000000000000000_GAR_2003  |7 0  |8 R  |9 366174  |a BIBGIM  |b BIBGIM  |d 2019-11-21  |i 3918750  |o 657 GAR 2003  |p 3918750  |r 2025-01-15  |w 2019-11-21  |y BK_R  |k COM 
952 |0 0  |1 0  |4 0  |6 657_000000000000000_GAR_2003  |7 0  |8 R  |9 366175  |a BIBGIM  |b BIBGIM  |d 2019-11-21  |i 3918769  |o 657 GAR 2003  |p 3918769  |r 2025-01-15  |w 2019-11-21  |y BK_R  |k COM 
952 |0 0  |1 0  |4 0  |6 657_000000000000000_GAR_2003  |7 0  |8 R  |9 366176  |a BIBGIM  |b BIBGIM  |d 2019-11-21  |i 3918777  |o 657 GAR 2003  |p 3918777  |r 2025-01-15  |w 2019-11-21  |y BK_R  |k COM 
952 |0 0  |1 0  |4 0  |6 657_000000000000000_GAR_2003  |7 0  |8 R  |9 366177  |a BIBGIM  |b BIBGIM  |d 2019-11-21  |i 4228081  |o 657 GAR 2003  |p 4228081  |r 2025-01-15  |w 2019-11-21  |y BK_R  |k COM 
952 |0 0  |1 0  |4 0  |6 657_000000000000000_GAR_2003  |7 0  |8 A  |9 366178  |a BIBDER  |b BIBDER  |d 2019-11-21  |i 4472934  |o 657 GAR 2003  |p 4472934  |r 2023-01-25  |w 2019-11-21  |y BK  |k DER 
952 |0 0  |1 0  |4 0  |6 657_000000000000000_GAR_2003  |7 0  |8 A  |9 366179  |a BIBDER  |b BIBDER  |d 2019-11-21  |i 4472942  |o 657 GAR 2003  |p 4472942  |r 2023-01-25  |w 2019-11-21  |y BK  |k DER 
952 |0 0  |1 0  |4 0  |6 657_000000000000000_GAR_2003  |7 0  |8 R  |9 366181  |a BIBGIM  |b BIBGIM  |d 2019-11-21  |i 4685229  |o 657 GAR 2003  |p 4685229  |r 2025-01-15  |w 2019-11-21  |y BK_R  |k COM 
952 |0 0  |1 0  |4 0  |6 657_000000000000000_GAR_2003  |7 0  |8 R  |9 366182  |a BIBGIM  |b BIBGIM  |d 2019-11-21  |i 4685237  |l 1  |m 1  |o 657 GAR 2003  |p 4685237  |r 2025-01-15  |s 2022-11-15  |w 2019-11-21  |y BK_R  |k COM 
952 |0 0  |1 0  |4 0  |6 657_000000000000000_GAR_2003  |7 0  |8 R  |9 366183  |a BIBGIM  |b BIBGIM  |d 2019-11-21  |i 4685245  |o 657 GAR 2003  |p 4685245  |r 2025-01-15  |w 2019-11-21  |y BK_R  |k COM 
952 |0 0  |1 0  |4 0  |6 657_000000000000000_GAR_2003  |7 0  |8 R  |9 366184  |a BIBGIM  |b BIBGIM  |d 2019-11-21  |i 4685253  |l 4  |o 657 GAR 2003  |p 4685253  |r 2025-01-15  |s 2023-06-14  |w 2019-11-21  |y BK_R  |k COM 
952 |0 0  |1 0  |4 0  |6 657_000000000000000_GAR_2003  |7 0  |8 R  |9 366185  |a BIBGIM  |b BIBGIM  |d 2019-11-21  |i 4685261  |o 657 GAR 2003  |p 4685261  |r 2025-01-15  |w 2019-11-21  |y BK_R  |k COM 
952 |0 0  |1 0  |4 0  |6 657_000000000000000_GAR_2003  |7 0  |8 R  |9 366186  |a BIBGIM  |b BIBGIM  |d 2019-11-21  |i 468527K  |o 657 GAR 2003  |p 468527K  |r 2025-01-15  |w 2019-11-21  |y BK_R  |k COM 
952 |0 0  |1 0  |4 0  |6 657_000000000000000_GAR_2003  |7 0  |8 R  |9 366187  |a BIBGIM  |b BIBGIM  |d 2019-11-21  |i 4685288  |o 657 GAR 2003  |p 4685288  |r 2025-01-15  |w 2019-11-21  |y BK_R  |k COM 
952 |0 0  |1 0  |4 0  |6 657_000000000000000_GAR_2003  |7 0  |8 R  |9 366188  |a BIBGIM  |b BIBGIM  |d 2019-11-21  |i 4685296  |l 1  |o 657 GAR 2003  |p 4685296  |r 2025-01-15  |s 2023-06-22  |w 2019-11-21  |y BK_R  |k COM 
952 |0 0  |1 0  |4 0  |6 657_000000000000000_GAR_2003  |7 0  |8 R  |9 366189  |a BIBGIM  |b BIBGIM  |d 2019-11-21  |i 468530K  |o 657 GAR 2003  |p 468530K  |r 2025-01-15  |w 2019-11-21  |y BK_R  |k COM 
952 |0 0  |1 0  |4 0  |6 657_000000000000000_GAR_2003  |7 0  |8 R  |9 366190  |a BIBGIM  |b BIBGIM  |d 2019-11-21  |i 4685318  |l 3  |m 1  |o 657 GAR 2003  |p 4685318  |r 2025-01-15  |s 2024-05-22  |w 2019-11-21  |y BK_R  |k COM